Sons of god
Spremljeno u:
| Glavni autor: | |
|---|---|
| Format: | Knjiga |
| Jezik: | engleski |
| Izdano: |
Londres
Penguin Books
1960
|
| Serija: | Penguin Book, 2114
|
| Teme: | |
| Oznake: |
Dodaj oznaku
Bez oznaka, Budi prvi tko označuje ovaj zapis!
|
MARC
| LEADER | 00000nam a2200000 a 4500 | ||
|---|---|---|---|
| 001 | UCZ8380 | ||
| 003 | CL-VaPUC | ||
| 008 | 960119e19600000UK |||||||||||||||||eng|d | ||
| 082 | 0 | 4 | |a 823 |b GRI |2 21 |
| 100 | 0 | |a Griffin, Gwyn |e author |9 353660 | |
| 245 | 1 | 0 | |a Sons of god |
| 300 | |a 237 p | ||
| 942 | |c BK | ||
| 945 | |d 19960119 00:00:00 |a mcarcey | ||
| 260 | |a Londres |b Penguin Books |c 1960 | ||
| 650 | 0 | |a Novelas inglesas |9 265220 | |
| 583 | |a last modification |c 19960119 00:00:00 |k Rodrigo Vera | ||
| 490 | 0 | |a Penguin Book, 2114 | |
| 999 | |c 244301 |d 244299 | ||
| 952 | |0 0 |1 0 |4 0 |6 823_000000000000000_GRI_1960 |7 0 |8 A |9 258309 |a BIBEDU |b BIBEDU |d 2019-11-19 |i 3170616 |o 823 GRI 1960 |p 3170616 |r 2019-11-19 |w 2019-11-19 |y BK |k LIT | ||